Databáza parametrov nastavenia 3D tlačiarne pre rôzne materiály

Salvato in:
Dettagli Bibliografici
Autore principale: Klepochová, Klaudia (Autore)
Altri autori: Beniak, Juraj (Relatore della tesi)
Natura: Manoscritto Libro
Lingua:slovacco
Pubblicazione: 2021
Soggetti:
Accesso online:http://is.stuba.sk/zp/portal_zp.pl?podrobnosti=159339
Tags: Aggiungi Tag
Nessun Tag, puoi essere il primo ad aggiungerne!!

MARC

LEADER 00000ntm a22000003a 4500
001 stuzp85868
003 SK-STU
005 20210717210725.1
007 ta
008 150427s2015----xo-----f-mn---000-0-slo-d
040 |a STU  |b slo 
041 0 |a slo 
100 1 |a Klepochová, Klaudia  |u 020070  |4 aut  |U SjF Strojnícka fakulta  |T SjF Ústav výrobných systémov, enviromentálnej techniky a manažment kvality  |X 93063  |U J0070  |Y 804  |7 93063 
242 0 1 |a Database of 3D printer setup parameters for various materials  |y eng 
245 1 0 |a Databáza parametrov nastavenia 3D tlačiarne pre rôzne materiály 
260 |c 2021 
650 4 |a 3D tlač  |2 slo 
650 4 |a materiály  |2 slo 
650 4 |a web  |2 slo 
650 4 |a databáza  |2 slo 
650 4 |a HTML  |2 slo 
650 4 |a JavaScript  |2 slo 
650 4 |a SQL  |2 slo 
650 4 |a 3D printing  |2 eng 
650 4 |a materials  |2 eng 
650 4 |a web  |2 eng 
650 4 |a database  |2 eng 
650 4 |a HTML  |2 eng 
650 4 |a JavaScript  |2 eng 
650 4 |a SQL  |2 eng 
700 1 |a Beniak, Juraj  |u 020070  |k Z1  |4 ths  |U SjF Strojnícka fakulta  |T SjF Ústav výrobných systémov, enviromentálnej techniky a manažment kvality  |X 2226  |U J0070  |Y 804  |7 A000002226 
856 4 |u http://is.stuba.sk/zp/portal_zp.pl?podrobnosti=159339